| 000 | 00000nas 2200000zi 4500 |
| 001 | 9.889955 |
| 003 | CaOODSP |
| 005 | 20250113151507 |
| 006 | m o d f |
| 007 | cr cn||||||||| |
| 008 | 200729c20179999qucar p o f0###a0eng|d |
| 022 | |y1927-2456 |
| 040 | |aCaOODSP|beng|erda|cCaOODSP |
| 043 | |an-cn--- |
| 086 | 1 |aEn81-31E-PDF|zEn81-10E-PDF |
| 245 | 00|aAir pollutant emission performance for the … model year on-road vehicle fleet : |bin relation to the On-Road Vehicle and Engine Emission Regulations under the Canadian Environmental Protection Act, 1999. |
| 264 | 1|aGatineau, QC : |bEnvironment and Climate Change Canada = Environnement et changement climatique Canada, |c[2020]- |
| 310 | |aAnnual |
| 336 | |atext|btxt|2rdacontent |
| 337 | |acomputer|bc|2rdamedia |
| 338 | |aonline resource|bcr|2rdacarrier |
| 362 | 1 |aBegan with: 2017. |
| 500 | |aIssued also in French under title: Rendement des émissions de polluants atmosphériques du parc de véhicules routiers de l'année de modèle ... |
| 500 | |aIssues for 2020- lack subtitle. |
| 588 | |aDescription based on: 2017. |
| 588 | |aLatest issue consulted: 2020. |
| 650 | 0|aAir|xPollution|zCanada|vPeriodicals. |
| 650 | 0|aAutomobiles|xMotors|xExhaust gas|zCanada|vPeriodicals. |
| 655 | 7|aPeriodicals|2lcgft |
| 710 | 1 |aCanada. |bEnvironment and Climate Change Canada, |eissuing body. |
| 775 | 08|tRendement des émissions de polluants atmosphériques du parc de véhicules routiers de l'année de modèle … : |w(CaOODSP)9.889960 |
| 780 | 00|tFleet average NOx emission performance of ... model year light-duty vehicles, light-Duty trucks and medium-duty passenger vehicles |w(CaOODSP)9.506195 |